Score 0/20 Timer 07:00
1 Play Today
% Correct
Johnny Depp
97.3%
John Belushi
77%
Jeff Bridges
73.7%
Val Kilmer
71.1%
Dudley Moore
70.3%
Tom Hanks
70%
Jackie Chan
62%
Will Ferrell
60.8%
Billy Bob Thornton
43.2%
Nicolas Cage
43.1%
% Correct
Randy Quaid
42%
Paul Giamatti
38.5%
Paul Newman
32.8%
Simon Pegg
31.1%
Lee Marvin
28.6%
Dean Martin
20.5%
W.C. Fields
20.2%
Ray Milland
17.3%
Mickey Rourke
16.7%
Andy Griffith
15.8%

You're not logged in!

Compare scores with friends on all Sporcle quizzes.
OR
Log In

Sporcle TV

Today on Sporcle TV


Watch our educational content, quiz creation guides, and fun videos on Sporcle TV.

Show Comments

Extras

Top Quizzes Today


Score Distribution

Paid Content

Your Account Isn't Verified!

In order to create a playlist on Sporcle, you need to verify the email address you used during registration. Go to your Sporcle Settings to finish the process.

Report this User

Report this user for behavior that violates our Community Guidelines.

Details: